000 00323nam a2200133Ia 4500
008 240624s9999 xx 000 0 und d
041 _aeng
082 _a823 ROS
100 _aROSE KAREN
245 _aDON T TELL
260 _c2009
_aNew York
_bHeadline Publishing Group
300 _a503 : p. : cm. ; 17
365 _cRS
_b20
999 _c16005
_d16005